00371nam a22001337a 450000500170000000800410001704100120005808200120007010000120008224500380009426000500013230000300018265000250021220240805085802.0240805b |||||||| |||| 00| 0 eng d aEnglish a349 SOU lEnglish aSouth African Law Reports: Natal  aPietermaritzburg: bNatal Witness Ltd, c1931 bxxx, 628 pages; c25 cm.  aLegal practice bLaw